Evaluación inicial de riesgos laborales por puesto de trabajo en la empresa Polimera INPOLINISA S.A., ubicada en Zona Franca las Mercedes

El presente trabajo monográfico presenta la evaluación de los riegos laborales por puesto de trabajo en la empresa Polimera INPOLINISA S.A en la cual se identificaron los riesgos de cada una de las áreas de la empresa y la elaboración del mapa de riesgo y matriz de riesgo correspondientes de cad...

Full description

Bibliographic Details
Main Author: Vallejos Portillo Juan Carlos
Other Authors: Tutor: Boza Castro, Freddy Fernando
Format: Tesis Section = Libro
Language:Undetermined
Spanish
Published: Managua UNI 2018
Subjects:
LEADER 01135nam a2200241Ia 4500
008 240830s9999 xx 000 0 und d
040 |a BIBLIOTECA-RUPAP Mon 363.11 V182 
041 |a spa 
082 |a Mon 363.11 V182 
100 1 |a Vallejos Portillo Juan Carlos 
245 1 0 |a Evaluación inicial de riesgos laborales por puesto de trabajo en la empresa Polimera INPOLINISA S.A., ubicada en Zona Franca las Mercedes 
260 |a Managua  |b UNI  |c 2018 
300 |a 123 p. :il. 
500 |a Contiene anexos y CD 
502 |a Tesis (Ingeniero Industrial)- UNI, 2018. 
520 3 |a El presente trabajo monográfico presenta la evaluación de los riegos laborales por puesto de trabajo en la empresa Polimera INPOLINISA S.A en la cual se identificaron los riesgos de cada una de las áreas de la empresa y la elaboración del mapa de riesgo y matriz de riesgo correspondientes de cada área de la empresa. 
650 7 |a EVALUACION DE RIESGOS LABORALES 
650 7 |b MAPA DE RIESGO 
650 7 |c PLAN DE ACCION DE RIESGOS LABORALES 
700 1 |a Tutor:  |b Boza Castro, Freddy Fernando 
942 |c BK  |2 ddc 
991 |a TESIS 
999 |c 15508